St. Paul's epistle to the Romans. (Record no. 5706)

000 -LEADER
fixed length control field 00606nam a2200181 a 4500
001 - CONTROL NUMBER
control field :::00003448$&:&@@
003 - CONTROL NUMBER IDENTIFIER
control field OkBaRHE
005 - DATE AND TIME OF LATEST TRANSACTION
control field 20000607103305.0
008 - FIXED-LENGTH DATA ELEMENTS--GENERAL INFORMATION
fixed length control field s1962 j 000 0 eng u
040 ## - CATALOGING SOURCE
Transcribing agency
100 1# - MAIN ENTRY--PERSONAL NAME
Personal name Thomas, W. H. Griffith (William Henry Griffith), 1861-1924.
245 10 - TITLE STATEMENT
Title St. Paul's epistle to the Romans.
260 ## - PUBLICATION, DISTRIBUTION, ETC. (IMPRINT)
Place of publication, distribution, etc Grand Rapids, MI., :
Name of publisher, distributor, etc Wm. B. Eerdmans
Date of publication, distribution, etc 1962
300 ## - PHYSICAL DESCRIPTION
Extent 464 p. ;
Dimensions 23 cm.
650 ## - SUBJECT ADDED ENTRY--TOPICAL TERM
Topical term or geographic name as entry element Bible New Testament Romans
General subdivision Commentaries
942 ## - ADDED ENTRY ELEMENTS (KOHA)
Source of classification or shelving scheme
Koha item type Books
Copies
Date last seen Source of classification or shelving scheme Withdrawn status Copy number Damaged status Lost status Price effective from Permanent Location Not for loan Barcode Koha item type Date acquired Shelving location Full call number
2018-03-28  1  2010-04-14RHEMA Bible Training College 3448Books2010-04-14General StacksBS 2665 .T57